Statistics for Landmarks of Countries #1

Click here to take the quiz!

General Stats

  • This quiz has been taken 48,362 times
    (18,218 since last reset)
  • The average score is 20 of 28

Answer Stats

Landmark Country % Correct
Taj MahalIndia
100%
Buckingham PalaceUnited Kingdom
97%
Leaning Tower of PisaItaly
95%
The KremlinRussia
93%
TheĀ Great SphinxEgypt
92%
Machu PicchuPeru
90%
Space NeedleUnited States
90%
AcropolisGreece
89%
Statue of Christ the RedeemerBrazil
88%
Arc de TriompheFrance
87%
Forbidden CityChina
85%
CN TowerCanada
81%
Casino de Monte-CarloMonaco
80%
Burj KhalifaUnited Arab Emirates
78%
Angkor WatCambodia
76%
Mount KilimanjaroTanzania
71%
Saint Peter's BasilicaVatican City
69%
Petronas TowersMalaysia
66%
Hagia SophiaTurkey
65%
PetraJordan
64%
Western WallIsrael
59%
Castle of Good HopeSouth Africa
59%
HallgrimskirkjaIceland
56%
AlhambraSpain
50%
Ryugyong HotelNorth Korea
46%
Moai StatuesChile
42%
Makkah Royal Clock Tower HotelSaudi Arabia
40%
Buddhas of Bamiyan
(now destroyed)
Afghanistan
37%

Score Distribution

Percentile by Number Answered

Percent of People with Each Score

Your Score History

You have not taken this quiz since the last reset